Normal view
MARC view
- Flexible manufacturing
Entry Topical Term
001 - CONTROL NUMBER
- control field: 126913
003 - CONTROL NUMBER IDENTIFIER
- control field: NUST
005 - DATE AND TIME OF LATEST TRANSACTION
- control field: 20241113122713.0
008 - FIXED-LENGTH DATA ELEMENTS
- fixed length control field: 241113|| aca||aabn | a|a d
040 ## - CATALOGING SOURCE
- Original cataloging agency: NUST
- Transcribing agency: NUST
150 ## - HEADING--TOPICAL TERM
- Topical term or geographic name entry element: Flexible manufacturing
670 ## - SOURCE DATA FOUND
- Source citation: Work cat.: (NUST): John E. Lenz 126912, Flexible manufacturing , 1989.
